KOHA-Header-6

Grobs Basic Electronics (Record no. 604)

000 -LEADER
fixed length control field 00383nam a2200157Ia 4500
003 - CONTROL NUMBER IDENTIFIER
control field OSt
005 - DATE AND TIME OF LATEST TRANSACTION
control field 20190918145941.0
008 - FIXED-LENGTH DATA ELEMENTS--GENERAL INFORMATION
fixed length control field 190722s9999 xx 000 0 und d
020 ## - INTERNATIONAL STANDARD BOOK NUMBER
International Standard Book Number 978-0-07-063432-9
040 ## - CATALOGING SOURCE
Transcribing agency maju
100 ## - MAIN ENTRY--PERSONAL NAME
Personal name Mitchel E Schultz
245 #0 - TITLE STATEMENT
Title Grobs Basic Electronics
260 ## - PUBLICATION, DISTRIBUTION, ETC. (IMPRINT)
Place of publication, distribution, etc New Delhi
Name of publisher, distributor, etc MC Graw Hill Education
Date of publication, distribution, etc 2016
300 ## - PHYSICAL DESCRIPTION
Extent 1150
942 ## - ADDED ENTRY ELEMENTS (KOHA)
Koha item type Books
Source of classification or shelving scheme
Holdings
Withdrawn status Lost status Source of classification or shelving scheme Damaged status Not for loan Collection code Permanent Location Current Location Shelving location Date acquired Full call number Barcode Date last seen Price effective from Koha item type
          Electrical Engineering MAJU MAJU Shelf No.A34 2019-07-22 621.381 7230 2019-07-22 2019-07-22 Electrical Engineering

Powered by Koha